Discours sur l'etat des lettres / (Record no. 157353)

MARC details
000 -LEADER
campo de control de longitud fija 00855nam a22002175i 4500
001 - NÚMERO DE CONTROL
campo de control 157353
003 - IDENTIFICADOR DE NÚMERO DE CONTROL
campo de control ES-MaACL
005 - FECHA Y HORA DE LA ÚLTIMA TRANSACCIÓN
campo de control 20250702054827.0
008 - DATOS DE LONGITUD FIJA--INFORMACIÓN GENERAL
campo de control de longitud fija 011105m18621865fr |||| | fre d
040 ## - FUENTE DE CATALOGACIÓN
Centro catalogador/agencia de origen CAM
Lengua de catalogación spa
Centro/agencia transcriptor CAM
100 1# - ENTRADA PRINCIPAL--NOMBRE DE PERSONA
Nombre de persona Le Clerc, Victor.
9 (RLIN) 128777
245 10 - MENCIÓN DEL TÍTULO
Título Discours sur l'etat des lettres /
Mención de responsabilidad, etc. par Victor Le Clerc. Discours sur l'état des beaux-arts/ par Ernest Renan.
250 ## - MENCION DE EDICION
Mención de edición 2ª ed.
260 ## - PUBLICACIÓN, DISTRIBUCIÓN, ETC.
Lugar de publicación, distribución, etc. Paris :
Nombre del editor, distribuidor, etc. Michel Lévy Frères,
Fecha de publicación, distribución, etc. 1865 (
Fabricante typographie de Firmin Didot frères)
300 ## - DESCRIPCIÓN FÍSICA
Extensión 2 v. (XVIII, 548; 429 p.) ;
Dimensiones 26 cm.
490 1# - MENCIÓN DE SERIE
Mención de serie Histoire littéraire de la France au quatorzième siècle
700 1# - ENTRADA AGREGADA--NOMBRE PERSONAL
Nombre de persona Renan, Ernest,
Fechas asociadas al nombre 1823-1892
9 (RLIN) 96168
830 0# - PUNTO DE ACCESO ADICIONAL DE SERIE-TÍTULO UNIFORME
Título uniforme Histoire littéraire de la France au quatorzième siècle
9 (RLIN) 221774
852 ## - LOCALIZACIÓN
Ubicación ES-MaACL
Número de control de estantería C-1866-1867
Nota libre -- Enc. hol.
Holdings
Estatus retirado Estado de pérdida Estado de daño No para préstamo Colección Biblioteca de origen Biblioteca actual Ubicación en estantería Fecha de adquisición Fuente de adquisición Total de préstamos Signatura topográfica completa Código de barras Visto por última vez Precio de reemplazo Tipo de ítem Koha
        Libros del s. XIX Biblioteca del Ateneo de Madrid Biblioteca del Ateneo de Madrid Sala Palomar 17/01/2008     C-1866-1867 1164669 23/02/2023 23/02/2023 Libro impreso antiguo